| 000 | 01904nam a22003497a 4500 | ||
|---|---|---|---|
| 001 | 103572 | ||
| 003 | KnowledgeUnlatched | ||
| 005 | 20210303105133.0 | ||
| 006 | m o d | ||
| 007 | cr u|||||||||| | ||
| 008 | 210129p20112019gw o u00| u eng d | ||
| 037 | _5BiblioBoard | ||
| 245 | 0 | 4 |
_aThe Reparations Controversy _bThe Jewish State and German Money in the Shadow of the Holocaust 1951-195 / _cYaakov Sharett. |
| 020 | _a9783112189481 | ||
| 029 | 1 | _ahttps://library.biblioboard.com/ext/api/media/140b4798-3350-4302-bf0e-9f53412e74e9/assets/thumbnail.jpg | |
| 040 |
_aScCtBLL _cScCtBLL |
||
| 506 | 0 |
_aAccess copy available to the general public. _fUnrestricted _2star |
|
| 700 | 1 |
_aSharett, Yaakov _eeditor. |
|
| 264 | 1 | _bDe Gruyter, | |
| 300 | _a1 online resource (416 p.) | ||
| 520 | _a"This book about the reparations issue (""shilumim"" in Hebrew) brings together selected protocols of all debates held regarding conducting negotiations with Germany. This is the first book documenting confidential protocols lately opened to the public. With the elaborate introduction by Yehiam Weitz, this book will serve as a basic textbook for an important chapter not only in Israeli and German history, but also in post-war history in general." | ||
| 588 | 0 | _aDescription based on print version record. | |
| 590 | _aKollektion FID Jüdische Studien / Collection FID Jewish Studies | ||
| 650 | 7 |
_aHistory / Modern _2bisacsh |
|
| 650 | 0 | _aHistory | |
| 655 | 0 | _aElectronic books. | |
| 758 |
_iIs found in: _aKnowledge Unlatched _1https://openresearchlibrary.org/module/2774bc74-146a-484f-a7ba-ab1d6a09bbfb |
||
| 856 | 4 | 0 |
_uhttps://openresearchlibrary.org/content/140b4798-3350-4302-bf0e-9f53412e74e9 _zView this content on Open Research Library. _70 |
| 999 |
_c33730 _d33730 |
||